<?xml version="1.0" encoding="UTF-8"?>
<marc:record xmlns:marc="http://www.loc.gov/MARC21/slim">
   <marc:leader>00000nam a2200000 a 4500</marc:leader>
   <marc:datafield ind1="1" ind2=" " tag="100">
      <marc:subfield code="a">Orlovský, Sarah Michaela</marc:subfield>
      <marc:subfield code="4">aut</marc:subfield>
      <marc:subfield code="e">Verfasser/-in</marc:subfield>
   </marc:datafield>
   <marc:datafield ind1="1" ind2=" " tag="100">
      <marc:subfield code="a">Roher, Michael</marc:subfield>
      <marc:subfield code="4">aut</marc:subfield>
      <marc:subfield code="e">Verfasser/-in</marc:subfield>
   </marc:datafield>
   <marc:datafield ind1="0" ind2="0" tag="245">
      <marc:subfield code="a">Ida, Chris und Emil im Zug</marc:subfield>
   </marc:datafield>
   <marc:datafield ind1=" " ind2="1" tag="264">
      <marc:subfield code="a">Innsbruck</marc:subfield>
      <marc:subfield code="b">Tyrolia</marc:subfield>
      <marc:subfield code="c">2024</marc:subfield>
   </marc:datafield>
   <marc:datafield ind1="1" ind2=" " tag="520">
      <marc:subfield code="a">kann man viel entdecken und erleben. Vor allem wenn man Ida, Chris und Emil heißt, und im Zug die Gelegenheit nutzt, in der das Mikrofon für eine Weile unbeaufsichtigt ist. Denn kurzerhand versehen die drei Kinder die einzelnen Waggons per Lautsprecher mit speziellen Motti und schon findet ein wunderbares, vielschichtiges und schillerndes Get-Together statt. Und zwar gleich in zweierlei Hinsicht  so finden sich etwa alle Lesebegeisterten im Speisewagen zusammen, alle Sportlichen in Waggon 22 und die Tierliebenden in Waggon 27. Zusätzlich gibt es für die Leserinnen und Leser eine wunderbare Wiederbegegnung mit zahlreichen Heldinnen und Helden aus Literatur, Film und Fernsehen  von Pippi Langstrumpf über Räuber Hotzenplotz, der kleinen Hexe bis hin zu Peppa Wutz, Spiderman und vielen mehr. Ein herrliches Entdecken, Suchen, Erinnern und Wiedererkennen. &lt;br/&gt;Bei Zugfahrten viel erlebt haben auch die beiden Künstler:innen, die bei ihren zahlreichen Lesereisen und Workshops immer wieder quer durch Österreich und Deutschland tingeln  und eines Tages bei genau einer solchen Zugreise dieses Buch konzipiert und entwickelt haben.&lt;br/&gt;Ein außerordentliches Wimmelbuch, das nicht nur lange Reisen zu einem vergnüglichen Erlebnis werden lässt. &lt;br/&gt;&lt;br/&gt;Der Haustiertreff in Wagen 27 ist hiermit offiziell eröffnet!&lt;br/&gt;&lt;br/&gt;Auszeichnung:&lt;br/&gt;Kröte des Monats Juli 2024 der Stube Wien</marc:subfield>
   </marc:datafield>
   <marc:datafield ind1=" " ind2=" " tag="020">
      <marc:subfield code="a">9783702242268</marc:subfield>
      <marc:subfield code="9">9783702242268</marc:subfield>
   </marc:datafield>
   <marc:datafield ind1=" " ind2=" " tag="041">
      <marc:subfield code="a">ger</marc:subfield>
   </marc:datafield>
   <marc:datafield ind1="1" ind2=" " tag="521">
      <marc:subfield code="a">0</marc:subfield>
   </marc:datafield>
   <marc:datafield ind1=" " ind2=" " tag="300">
      <marc:subfield code="a">26 Seiten</marc:subfield>
   </marc:datafield>
</marc:record>
